[Event "GER-chT U12"]
[Site "Verden an der Aller"]
[Date "2002.12.28"]
[Round "3.2"]
[White "Merx, Tim"]
[Black "Hubbe, Sophie"]
[Result "1/2-1/2"]
[WhiteElo "1052"]
[BlackElo "1288"]
[PlyCount "40"]
[EventDate "2002.12.27"]
[EventType "team"]
[EventRounds "7"]
[EventCountry "GER"]
[SourceTitle "CBM 092 Extra"]
[Source "ChessBase"]
[SourceDate "2003.03.07"]
[SourceVersion "1"]
[SourceVersionDate "2003.03.07"]
[SourceQuality "1"]

1. d4 Nf6 2. c4 g6 3. Nc3 Bg7 4. Nf3 0-0 5. Bg5 d6 6. e3 Nbd7 7. Be2 e5 8. 0-0 c5 9. Re1 Qe8 10. Bxf6 Nxf6 11. dxe5 dxe5 12. Nd5 Nxd5 13. Qxd5 e4 14. Nd2 Bxb2 15. Rab1 Bg7 16. Nxe4 Qe6 17. Qxe6 Bxe6 18. Nxc5 b6 19. Nxe6 fxe6 20. Red1 Rf7 1/2-1/2